00186nam a2200073Ia 4500008004100000100001600041245002700057260002800084170817s9999 xx 000 0 und d aGupta. B.D. 0aEducational Psychology bSahitya Prakashan. Agra